Die Rigasche Hausfrauen-Zeitung 1884-1906 - Inhalte und Textsorten: Eine Studie zur deutschbaltischen Mediengeschichte
| Titel: | Die Rigasche Hausfrauen-Zeitung 1884-1906 - Inhalte und Textsorten: Eine Studie zur deutschbaltischen Mediengeschichte / Egita Proveja |
|---|---|
| Verfasser: | |
| In: |
Bundesinstitut für Kultur und Geschichte der Deutschen im Östlichen Europa: Jahrbuch des Bundesinstituts für Kultur und Geschichte der Deutschen im Östlichen Europa, Band 26 (2018), Seite 145-163 alle Artikel anzeigen Sprache, Band 26 (2018), Seite 145-163 alle Artikel anzeigen |
| Veröffentlicht: | 2018 |
| Format: | Aufsatz |
| Sprache: | Deutsch |
X
alg: 50488931 001A $03025:10-02-23 001B $03025:27-08-25 $t12:37:15.000 001D $03025:10-02-23 001U $0utf8 001X $00 002@ $0Aou 002C $aText $btxt $2rdacontent 002D $aohne Hilfsmittel zu benutzen $bn $2rdamedia 002E $aBand $bnc $2rdacarrier 003@ $0504889311 007A $0504889311 $aHEB 010@ $ager 010E $erda 011@ $a2018 021A $aDie @Rigasche Hausfrauen-Zeitung 1884-1906 - Inhalte und Textsorten: Eine Studie zur deutschbaltischen Mediengeschichte $hEgita Proveja 028A $BVerfasser $4aut $7 $8Proveja, Egita [Tnu] $9286020548 031A $d26 $h145-163 $j2018 039B $aEnthalten in $8--Abvc--Bundesinstitut für Kultur und Geschichte der Deutschen im Östlichen Europa [Tb1]. Jahrbuch des Bundesinstituts für Kultur und Geschichte der Deutschen im Östlichen Europa. - München : de Gruyter Oldenbourg, [2011-2018]. - ISSN 2193-6730 $x201800000260000855 $9284808369 039B $aEnthalten in $8--Aau--. Sprache. - München : De Gruyter Oldenbourg, [2018]. - 302 Seiten. - Diagramme, Tabellen, Karten. - ISBN 978-3-11-047672-9 $9446537985 044K $#Riga $#Rīga $#Ryga $#Riega $#Riga in Lieffland $#Rigae Livonum $#Rygae $#Righa $74050042-1 $8Riga [Tg1] $9085139726 044K $RPresse $RFortlaufendes Sammelwerk $#Newspapers $#Newspapers Sections, columns, etc. $#Journaux $#Journaux Cahiers, chroniques, etc. $#Giornali $#Artículos periodísticos $#Periódicos $#newspapers $#Zeitung $#Zeitung $#Tageszeitung $#Zeitung $#Tagespresse $#Tageszeitung $#Gazette $#Zeitungen $74067510-5 $8Zeitung [Ts1] $9085189790 044K $RZeitung $#Frauenzeitungen $74155249-0 $8Frauenzeitung [Ts1] $9085658898 044K $#Germans Baltic States $#Allemands des Pays baltes $#Baltendeutsche $#Deutsche Baltikum $74011593-8 $8Deutschbalten [Ts1] $9085023647 045F $a070.9 $eDDC23BSB 045F/01 $a070.9 045F/03 $f09034 045F/03 $f09041 045F/03 $g4796 045R $aGeschichte 1884-1906 lok: 50488931 78 exp: 50488931 78 1 #EPN 201B/01 $010-02-23 $t15:25:41.000 201C/01 $010-02-23 201U/01 $0utf8 203@/01 $01227352174 208@/01 $a10-02-23 $be 209A/01 $a/ $f000 $x00 209A/01 $ab*p $x01 220C/01 $apgar 244Z/01 $#Lettland $#Lettland $#Lettland $#Latvija $#Latvijas Republika $#Lettische Republik $#République de Lettonie $#Republik Lettland $#Latwija $#Latvijas Republikas Tautas $#Republic of Latvia $#Latvijskaja Respublika $#Latvia $#Lettonie $#Łotwa $74074187-4 $8--Tg1--Lettland $x01 $9085208876 247C/01 $82080>Marburg/Lahn, Herder-Institut, Forschungsbibliothek, Bibliographieportal $9336309341
| LEADER | 00000caa a2200000 c 4500 | ||
|---|---|---|---|
| 001 | 504889311 | ||
| 003 | DE-603 | ||
| 005 | 20250827123715.0 | ||
| 007 | tu | ||
| 008 | 230210s2018 xx |||| | u00||u|ger c | ||
| 035 | |a (DE-599)HEB504889311 | ||
| 040 | |a DE-603 |b ger |c DE-603 |d DE-603 |e rda | ||
| 041 | |a ger | ||
| 082 | 0 | 4 | |8 1\u |a 070.9 |q DE-101 |2 23/BSB |
| 085 | |8 1\u |b 070.9 | ||
| 085 | |8 1\u |z 1 |s 09034 | ||
| 085 | |8 1\u |z 1 |s 09041 | ||
| 085 | |8 1\u |z 2 |s 4796 | ||
| 100 | 1 | |a Proveja, Egita |e Verfasser |4 aut |0 (DE-603)286020548 | |
| 245 | 0 | 0 | |a Die Rigasche Hausfrauen-Zeitung 1884-1906 - Inhalte und Textsorten: Eine Studie zur deutschbaltischen Mediengeschichte |c Egita Proveja |
| 264 | 0 | |c 2018 | |
| 336 | |a Text |b txt |2 rdacontent | ||
| 337 | |a ohne Hilfsmittel zu benutzen |b n |2 rdamedia | ||
| 338 | |a Band |b nc |2 rdacarrier | ||
| 648 | 7 | |a Geschichte 1884-1906 |2 gnd | |
| 650 | 7 | |a Zeitung |0 (DE-588)4067510-5 |0 (DE-603)085189790 |2 gnd | |
| 650 | 7 | |a Frauenzeitung |0 (DE-588)4155249-0 |0 (DE-603)085658898 |2 gnd | |
| 650 | 7 | |a Deutschbalten |0 (DE-588)4011593-8 |0 (DE-603)085023647 |2 gnd | |
| 651 | 7 | |a Riga |0 (DE-588)4050042-1 |0 (DE-603)085139726 |2 gnd | |
| 773 | 0 | 8 | |i Enthalten in |a Bundesinstitut für Kultur und Geschichte der Deutschen im Östlichen Europa |t Jahrbuch des Bundesinstituts für Kultur und Geschichte der Deutschen im Östlichen Europa |d München : de Gruyter Oldenbourg, [2011-2018] |h 24 cm |x 2193-6730 |g Band 26 (2018), Seite 145-163 |w (DE-603)284808369 |w (DE-600)2640986-0 |
| 773 | 0 | 8 | |i Enthalten in |t Sprache |d München : De Gruyter Oldenbourg, [2018] |h 302 Seiten, Diagramme, Tabellen, Karten |z 9783110476729 |g Band 26 (2018), Seite 145-163 |w (DE-603)446537985 |
| 924 | 0 | |9 2080 |a (DE-603)1227352174 |b DE-2080 |c HES |d d |g / | |


